Tent construction and use by Uroderma bilobatum in coconut palms (<Cocos nucifera>) in Costa Rica (Registro nro. 9552)

Detalles MARC
000 -CABECERA
Campo de control 006430000a22001930004500
090 ## - CLASIFICACIÓN LOCAL
Colección AR
Consecutivo 00456
041 0# - IDIOMA
Código de idioma para texto/pista de sonido o título separado
100 1# - ASIENTO PRINCIPAL--NOMBRE PERSONAL
Nombre personal Timm, Robert M.
245 10 - MENCION DE TITULO
Título Tent construction and use by Uroderma bilobatum in coconut palms (<Cocos nucifera>) in Costa Rica
650 14 - ASIENTO SECUNDARIO DE MATERIA - TERMINO TEMATICO
Término temático o nombre geográfico como elemento de entrada Murciélagos
650 14 - ASIENTO SECUNDARIO DE MATERIA - TERMINO TEMATICO
Término temático o nombre geográfico como elemento de entrada Uso del habitat
650 14 - ASIENTO SECUNDARIO DE MATERIA - TERMINO TEMATICO
Término temático o nombre geográfico como elemento de entrada Relación planta-animal
651 #4 - ASIENTO SECUNDARIO DE MATERIA - NOMBRE GEOGRAFICO
-- Costa Rica
653 ## - TERMINO DE INDIZACION - NO CONTROLADO
-- Uroderma
-- Uroderma bilobatum
653 ## - TERMINO DE INDIZACION - NO CONTROLADO
-- Cocos
-- Cocos nucífera
700 1# - ASIENTO SECUNDARIO - NOMBRE PERSONAL
Nombre personal Lewis, Susan E.
773 1# - Item fuente:
Título Bulletin American Museum of Natural History
Especificación de materiales 179
Descripción física 206
Paginas del Articulo 251-260
Lugar, editorial y fecha de publicación 1991
942 ## - ELEMENTOS ADICIONALES (KOHA)
Tipo de ítem Artículo
Existencias
Withdrawn status Lost status Damaged status No para préstamo Colección Ubicación Permanente Ubicación actual Fecha de adquisición Datos de publicación Seriada Total Checkouts Número topográfico Inventario / Código de Barras Date last seen Ejemplar Price effective from Forma de adquisición Tipo de material
      No para Préstamo Hemeroteca Bogotá Bogotá 27/02/2015 Fuera de circulación   AR 00456 010743 25/03/2015 1 25/03/2015   Artículo
      No para Préstamo Hemeroteca Bogotá Bogotá 27/02/2015 Fuera de circulación   AR 00456 010744 25/03/2015 2 25/03/2015   Artículo
      No para Préstamo Hemeroteca Bogotá Bogotá 27/02/2015 Fuera de circulación   AR 00456 010745 25/03/2015 3 25/03/2015   Artículo